Možnosti financovania vybraného podnikateľského subjektu (aplikácia na drevospracujúci priemysel) diplomová práca

Guardado en:
Detalles Bibliográficos
Autor principal: Valocká, Lucia
Autor Corporativo: Národohospodárska fakulta EU. Katedra financií
Otros Autores: Šabíková, Ingrid
Formato: Libro
Lenguaje:eslovaco
Publicado: Bratislava 2010
Etiquetas: Agregar Etiqueta
Sin Etiquetas, Sea el primero en etiquetar este registro!

MARC

LEADER 00000nam$a2200000$$$4500
001 0119085
005 20240318122802.3
041 0 |a slo 
044 |a SK 
245 1 0 |a Možnosti financovania vybraného podnikateľského subjektu (aplikácia na drevospracujúci priemysel)  |b diplomová práca  |c Lucia Valocká ; škol. Ingrid Šabíková 
264 1 |a Bratislava  |c 2010 
300 |a 84 s. 
100 1 |a Valocká, Lucia 
700 1 |a Šabíková, Ingrid 
710 2 |a Národohospodárska fakulta EU. Katedra financií